| 000 | 00666nam a22002057a 4500 | ||
|---|---|---|---|
| 003 | OSt | ||
| 005 | 20140310182352.0 | ||
| 008 | 130930t xxu||||| |||| 00| 0 eng d | ||
| 020 | _a0671637835 | ||
| 050 |
_aQC 226.6 _b.W95 1987 |
||
| 082 |
_aGS 543.19 _b.W97 1987 |
||
| 100 |
_aWyler, Rose _922222 |
||
| 245 |
_aScience fun with rums, bells, and whistles _cRose wyler ; pictures by at Stewart. |
||
| 260 |
_aNew York : _bJulian Messner, _cc1987. |
||
| 300 |
_a44 p. : _bcol. , ill. ; _c27 cm. |
||
| 650 |
_aSound Experiments _xJuvenile literature. _922223 |
||
| 650 |
_aScientific recreations _xJuvenile literature. _922224 |
||
| 942 |
_2lcc _cBK-GS |
||
| 999 |
_c12400 _d12400 |
||